01515 2200277 4500001002100000005001500021035002000036007000300056008004100059020002200100082001000122084001900132100002700151245007200178250002600250300004400276650002600320700002800346520071900374264003801093336002101131337003001152338002301182990001601205990001601221INLIS00000000116262320221205114153 a0010-1122000160ta221205 g 0 ind  a978-602-0862-08-8 a153.8 aSR 153.8 SUS b0 aSusi Ivvatyepengarang1 aBerpikir seperti para juara /cSusi Ivvaty; penyunting, Abd. Kholiq aCetakan Pertama, 2020 aviii, 300 halaman :bilustrasi ;c20 cm 4aPikiran dan pemikiran0 aAbd. Kholiqepenyunting aSepakbola merupakan olahraga yang sudah dikenal sejak ribuan tahun yang lalu. Dalam usianya yang sudah tidak lagi muda tersebut, sepakbola saat ini sudah identik dengan bisnis kapitalis dan perputaran uang miliaran dolar berbalut transfer pemain, iklan, pasar taruhan, hingga urusan mode dan gaya hidup. Namun di sisi lain, kentalnya nuansa kekuatan uang, hierarki kekuasaan, semangat meraih prestasi, kerjasama tim, cucuran keringat, dan bahkan deraian air mata juga menjadikan sepakbola sebagai miniatur kehidupan manusia yang bisa menjadi sumber refleksi dan permenungan. Buku ini hadir untuk menampakkan sisi kebijaksanaan dari para pesepakbola dunia yang tertuang dalam untaian kata nan indah dan sarat makna. aYogyakarta :bIstana Media,c2020 2rdacontentateks 2rdamediaatanpa perantara 2rdacarrieravolume a49679.62499 a49680.62500